(NEW) Name a Valid VCT Champs 2025 Player - Statistics

General Stats
  • This quiz has been taken 383 times
  • The average score is 11 of 15
Answer Stats
Name a VCT Champions 2025 Player who... # Answer % Correct
has previously won Champs 7 aspas | CHICHOO | Ethan | jawgemo | nobody | Smoggy | ZmjjKK
98%
was NOT part of their team in the beginning of the year 15 Akeman | ara | BeYN | brawk | crazyguy | DH | Estrella | Flickless | GRUBINHO | Jieni7 | NoMan | PatMen | skuba | trexx | Verno
96%
has a Number in their Name 10 d4v41 | f0rsakeN | Flex1n | free1ng | Jieni7 | N4RRATE | s0m | SpiritZ1 | vo0kashu | Wo0t
94%
had a >1.2 KD in Stage 2 7 aspas | happywei | Jemkin | Keiko | something | valyn | whzy
92%
has gotten 35+ kills in one map in 2025 5 aspas | CHICHOO | Jemkin | nobody | Rarga
90%
ist part of the Chinese 4th seed team 5 coconut | happywei | NoMan | Rarga | Viva
85%
is the only player on the team with a different flag 4 johnqt | mada | nephh | Verno
79%
is spelled with only uppercase letters 3 CHICHOO | DH | GRUBINHO | HYUNMIN
78%
has the chance to lift their 4th trophy 1 Chronicle
78%
is from a country without red in its flag 4 artziN | aspas | cortezia | xenom
74%
had a <0.8 KD in Stage 2 3 Boaster | Estrella | Verno
73%
is from Taiwan 3 happywei | Nicc | SpiritZ1
68%
hast the shortest name 1 DH
63%
has a name starting with a unique letter 2 GRUBINHO | iZu
24%
has the longest name 1 benjyfishy
19%
No matching quizzes found
Score Distribution
Percent of People with Each Score
Percentile by Number Answered
Your Score History
You have not taken this quiz